| 000 | 00660nam a2200193 a 4500 | ||
|---|---|---|---|
| 008 | 120416s1989 ||||||||||||||||| || u | ||
| 020 | _a0201066815 | ||
| 050 | _aQC 21.2 Sea | ||
| 100 | _aSears, Francis W | ||
| 245 | 1 | 0 | _aSears and Zemansky's University physics. (7th ed.) |
| 250 | _a7th ed. | ||
| 260 |
_aReading, Mass.: _bAddison-Wesley _c1989 |
||
| 300 | _axxii, 1096p. in various : ill. | ||
| 350 | _a0.00 | ||
| 650 | 0 | _aPHYSICS | |
| 650 | _aPHYSICS--STUDY AND TEACHING | ||
| 700 | _aYoung, Hugh D | ||
| 995 |
_D0.00 _FCBU-MAIN LIBRARY (Kitwe) _H1 _I0.00 _M1 _UAVAILABLE _WDec 7, 2007 _ZShort Loan Collection |
||
| 999 |
_c57170 _d57170 |
||